000 00264nam a22001217a 4500
040 _cHS
082 _a639
100 _aវុន វ៉ារី
245 _aបរិស្ថាន
260 _aRUA
_bវុន វ៉ារី
_cNA
300 _aNA
942 _cKB
999 _c9349
_d9349